Operator (That's Not the Way It Feels) Jim Croce lyrics - Statistics

General Stats
  • This quiz has been taken 27 times
  • The average score is 258 of 331
Answer Stats
Lyrics % Correct
A
100%
can
100%
I
100%
me
100%
the
100%
to
100%
you
100%
You
100%
and
92%
And
92%
best
92%
in
92%
is
92%
it
92%
my
92%
No,
92%
no,
92%
no
92%
number
92%
Operator,
92%
she
92%
So
92%
so
92%
that
92%
That
92%
With
92%
about
83%
all
83%
call
83%
could
83%
Could
83%
eyes
83%
feels
83%
help
83%
if
83%
I'm
83%
L.A.
83%
old
83%
on
83%
Ray
83%
that's
83%
That's
83%
there
83%
There's
83%
this
83%
time
83%
way
83%
well
83%
Well
83%
But
75%
every
75%
happens
75%
I've
75%
know
75%
living
75%
place
75%
said
75%
say
75%
She's
75%
something
75%
book
67%
'em
67%
ex-friend
67%
faded
67%
for
67%
gave
67%
guy
67%
hated
67%
isn't
67%
just
67%
knew
67%
let's
67%
match
67%
myself
67%
not
67%
real
67%
sometimes
67%
they
67%
think
67%
blow
58%
can't
58%
convince
58%
find
58%
fine,
58%
forget
58%
give
58%
goes
58%
learned
58%
overcome
58%
show
58%
take
58%
tell
58%
wasn't
58%
been
50%
kind
50%
love
50%
read
50%
thought
50%
wish
50%
words
50%
would
50%
you've
50%
dime
42%
keep
42%
only
42%
save
42%
Ah,
33%
'Cause
33%
See,
33%
talk
33%
than
33%
more
25%
one
25%
really
25%
much
17%
Thank
17%
wanted
17%
your
17%
No matching quizzes found
Score Distribution
Percent of People with Each Score
Percentile by Number Answered
Your Score History
You have not taken this quiz